[Event "VI Festival A"]
[Site "Campobasso ITA"]
[Date "1999.09.12"]
[Round "5"]
[White "Rotelli, Pietro"]
[Black "Di Gianni, Rocco"]
[Result "0-1"]
[WhiteElo "1731"]
[BlackElo "2120"]
[PlyCount "90"]
[EventDate "1999.09.10"]

1. d4 f5 2. c4 Nf6 3. g3 g6 4. Bg2 Bg7 5. Nf3 d6 6. b3 a5 7. Bb2 Na6 8. a3 c6
9. O-O O-O 10. Nbd2 Qe8 11. Qc2 Ng4 12. h3 Nh6 13. d5 e5 14. dxe6 Bxb2 15. Qxb2
Nc5 16. b4 Nxe6 17. bxa5 Rxa5 18. Qb4 Qd8 19. Nb3 Ra8 20. Rfd1 Nf7 21. c5 d5
22. a4 Qe7 23. a5 Nc7 24. e3 g5 25. Nh2 Na6 26. Qc3 Ne5 27. Bf1 Qf6 28. Qd4 Nc7
29. f4 gxf4 30. exf4 Nd7 31. Nf3 Qg6 32. Kh2 Ne6 33. Qf2 Nf6 34. Nh4 Qh6 35.
Nxf5 Qh5 36. Ne7+ Kf7 37. Be2 Qh6 38. Nxc8 Rfxc8 39. a6 bxa6 40. Rxa6 Ne4 41.
Qf3 Kg8 42. Qh5 Qg7 43. Qg4 N6xc5 44. Qxg7+ Kxg7 45. Nxc5 Nxc5 0-1

[Event "VI Festival A"]
[Site "Campobasso ITA"]
[Date "1999.09.12"]
[Round "6"]
[White "Accardo, Francesco"]
[Black "Gagliardi, Pietro"]
[Result "1-0"]
[WhiteElo "1778"]
[BlackElo "2204"]
[PlyCount "139"]
[EventDate "1999.09.10"]

1. e4 c6 2. Nc3 d5 3. e5 Bf5 4. f4 e6 5. d3 Nd7 6. Bd2 h5 7. Nf3 Bg4 8. Be2
Bxf3 9. Bxf3 g6 10. g3 Nh6 11. O-O Nf5 12. Kh1 Be7 13. Ne2 Kf8 14. c3 Kg7 15.
a4 Qc7 16. b4 Rac8 17. a5 c5 18. b5 c4 19. d4 a6 20. b6 Qd8 21. Qc2 Nb8 22. Bg2
Nc6 23. Bh3 Nh6 24. Ng1 Qd7 25. Nf3 Rcg8 26. Bg2 h4 27. Kg1 hxg3 28. h3 Nf5 29.
Ng5 Rh6 30. Rf3 Rgh8 31. Be1 Rh5 32. Bxg3 Bxg5 33. fxg5 Rxg5 34. Bf4 Rgh5 35.
Qd2 Qe7 36. Ra2 Qh4 37. Qc1 g5 38. Be3 Nxe3 39. Qxe3 Ne7 40. Raf2 Rf8 41. Rf6
Ng6 42. Qd2 g4 43. hxg4 Qxg4 44. Kf1 Qg5 45. Ke2 Qxd2+ 46. Kxd2 Ne7 47. Bf3 Rg5
48. Bd1 Ng8 49. R6f3 f5 50. Ba4 Rf7 51. Rh3 Kf8 52. Rfh2 Rfg7 53. Kc1 Rg1+ 54.
Kb2 R1g2+ 55. Rxg2 Rxg2+ 56. Ka3 Rg7 57. Kb4 Rf7 58. Kc5 f4 59. Rf3 Ke7 60. Bc6
Kd8 61. Bxb7 Rxb7 62. Rxf4 Ne7 63. Kd6 Rd7+ 64. Kxe6 Ke8 65. Rg4 Rd8 66. Rg1
Rd7 67. Kf6 Rd8 68. Rg7 Nc6 69. Ke6 Kf8 70. Rf7+ 1-0

[Event "VI Festival A"]
[Site "Campobasso ITA"]
[Date "1999.09.12"]
[Round "6"]
[White "Ausmins, Elmar"]
[Black "Collutiis, Duilio"]
[Result "0-1"]
[WhiteElo "2261"]
[BlackElo "2200"]
[PlyCount "134"]
[EventDate "1999.09.10"]

1. d4 Nf6 2. Nf3 c5 3. d5 d6 4. c4 e5 5. Nc3 Be7 6. e4 O-O 7. h3 Na6 8. Bd3 Nc7
9. Be3 a6 10. a4 b6 11. O-O Rb8 12. Qe2 g6 13. Rab1 a5 14. Nh2 Re8 15. Rbe1 Nh5
16. Qf3 Bg5 17. Ng4 Kg7 18. g3 Rf8 19. Kg2 Ne8 20. Qe2 Bxe3 21. Qxe3 Nef6 22.
Qh6+ Kh8 23. Nxf6 Nxf6 24. f4 Ng8 25. Qh4 exf4 26. Qxf4 Qd7 27. g4 f6 28. Nb5
Rd8 29. Rf3 Ba6 30. Nc3 Qe7 31. h4 h6 32. Ref1 Re8 33. Rg3 Rf8 34. Rgf3 Kg7 35.
Nd1 Qe5 36. Qxe5 fxe5 37. g5 h5 38. Ne3 Rxf3 39. Rxf3 Rf8 40. b3 Rxf3 41. Kxf3
Bc8 42. Kg3 Ne7 43. Bf1 Kf7 44. Be2 Bd7 45. Nd1 Nc8 46. Nc3 Na7 47. Kh2 Bc8 48.
Bf3 Bd7 49. Ne2 Kg7 50. Ng3 Nc8 51. Bxh5 gxh5 52. Nxh5+ Kf7 53. Nf6 Be8 54. Kg3
Ne7 55. h5 Ng8 56. Ng4 Bd7 57. Ne3 Ne7 58. Kh4 Kg7 59. Kg3 Kf7 60. Ng2 Kg7 61.
Nh4 Kh7 62. Nf3 Kg7 63. Kh4 Kf7 64. g6+ Nxg6+ 65. hxg6+ Kxg6 66. Ng5 Kf6 67.
Nh7+ Kg7 0-1

[Event "VI Festival A"]
[Site "Campobasso ITA"]
[Date "1999.09.12"]
[Round "6"]
[White "Brancaccio, Alfonso"]
[Black "Gerardi, Saverio"]
[Result "0-1"]
[WhiteElo "1831"]
[BlackElo "1792"]
[PlyCount "38"]
[EventDate "1999.09.10"]

1. e4 e5 2. Nf3 Nc6 3. Bb5 d6 4. c3 Bg4 5. d3 a6 6. Ba4 Nf6 7. Be3 Be7 8. Nbd2
O-O 9. Qe2 Qd7 10. h3 Be6 11. Ng5 b5 12. Nxe6 fxe6 13. Bc2 d5 14. Nb3 a5 15.
Nc5 Qc8 16. exd5 exd5 17. d4 exd4 18. Bxd4 Nxd4 19. cxd4 Bxc5 0-1

[Event "VI Festival A"]
[Site "Campobasso ITA"]
[Date "1999.09.12"]
[Round "6"]
[White "Capuano, Eugenio"]
[Black "Di Gianni, Rocco"]
[Result "1-0"]
[WhiteElo "2153"]
[BlackElo "2120"]
[PlyCount "71"]
[EventDate "1999.09.10"]

1. e4 e6 2. d4 d5 3. Nc3 Nf6 4. Bg5 Be7 5. e5 Nfd7 6. Bxe7 Qxe7 7. f4 a6 8. Nf3
c5 9. Qd2 Nc6 10. dxc5 Qxc5 11. O-O-O Nb6 12. Bd3 Na5 13. Ne2 Nac4 14. Bxc4
Nxc4 15. Qd4 Qa5 16. b3 Na3 17. Qd2 Qxd2+ 18. Rxd2 b5 19. Kb2 b4 20. c3 bxc3+
21. Nxc3 Nb5 22. Nxb5 axb5 23. Nd4 Bd7 24. Rc1 Ra6 25. Nxb5 O-O 26. Nd4 f6 27.
Rc7 Rd8 28. Rdc2 fxe5 29. fxe5 h6 30. Rb7 Kf8 31. Rcc7 Ke8 32. b4 Rda8 33. Rxd7
Rxa2+ 34. Kc1 Ra1+ 35. Kd2 R8a2+ 36. Nc2 1-0

[Event "VI Festival A"]
[Site "Campobasso ITA"]
[Date "1999.09.12"]
[Round "6"]
[White "De Santis, Alessio"]
[Black "Piscopo, Pierluigi"]
[Result "1/2-1/2"]
[WhiteElo "2352"]
[BlackElo "2039"]
[PlyCount "75"]
[EventDate "1999.09.10"]

1. d4 Nf6 2. c4 g6 3. Nc3 Bg7 4. e4 d6 5. Be2 O-O 6. Bg5 Nbd7 7. Qd2 e5 8. d5
a5 9. O-O-O Nc5 10. f3 Bd7 11. h4 Qe8 12. Nh3 Nh5 13. g4 Ng3 14. Rhg1 Nxe2+ 15.
Qxe2 b5 16. Nf2 b4 17. Nb1 a4 18. Nd2 c6 19. Nd3 Nxd3+ 20. Qxd3 h6 21. dxc6
Bxc6 22. Be3 Qe6 23. h5 Rac8 24. Kb1 g5 25. Rc1 Rfd8 26. Rgd1 Qe7 27. Bf2 Bd7
28. Bb6 Re8 29. Ba5 b3 30. a3 Be6 31. Nf1 Bf8 32. Ne3 Qb7 33. Bb4 Rc6 34. Rc3
Qa6 35. Nd5 Rec8 36. Rdc1 Kh8 37. Ne3 Kg8 38. Nd5 1/2-1/2

[Event "VI Festival A"]
[Site "Campobasso ITA"]
[Date "1999.09.12"]
[Round "6"]
[White "Dragojlovic, Andjelko"]
[Black "Naumkin, Igor"]
[Result "1/2-1/2"]
[WhiteElo "2350"]
[BlackElo "2489"]
[PlyCount "65"]
[EventDate "1999.09.10"]

1. e4 e6 2. d4 d5 3. Nc3 Bb4 4. a3 Bxc3+ 5. bxc3 dxe4 6. Qg4 Nf6 7. Qxg7 Rg8 8.
Qh6 c5 9. Bb2 Rg6 10. Qd2 Nbd7 11. O-O-O Qc7 12. c4 cxd4 13. Qxd4 b6 14. Ne2
Ba6 15. Nc3 Nc5 16. h3 Rc8 17. Kb1 Qc6 18. g4 Ncd7 19. Bg2 Qxc4 20. Qxc4 Bxc4
21. Nxe4 Ke7 22. Nd6 Rc7 23. Rhe1 h5 24. Be4 Rg8 25. gxh5 Nxh5 26. Bf3 Nhf6 27.
h4 Ba6 28. Nf5+ Kf8 29. Bxf6 Nxf6 30. Rd8+ Ne8 31. Bh5 Rc8 32. Rd7 Rc7 33. Rd8
1/2-1/2

[Event "VI Festival A"]
[Site "Campobasso ITA"]
[Date "1999.09.12"]
[Round "6"]
[White "Ferraro, Francesco"]
[Black "Capezza, Marco"]
[Result "1-0"]
[WhiteElo "2045"]
[BlackElo "1705"]
[PlyCount "89"]
[EventDate "1999.09.10"]

1. d4 Nf6 2. Bf4 d5 3. e3 Bf5 4. Nf3 Nbd7 5. Bd3 Bxd3 6. Qxd3 e6 7. O-O Be7 8.
Nbd2 O-O 9. c3 c5 10. Rfe1 Rc8 11. Be5 Qb6 12. Rab1 Rfd8 13. Qe2 Qa5 14. a3 c4
15. e4 b5 16. Bg3 Qb6 17. Bh4 Kf8 18. e5 Ng8 19. Qe3 h6 20. Nf1 Re8 21. Bxe7+
Nxe7 22. Ng3 Kg8 23. Nh4 Ng6 24. Nxg6 fxg6 25. h4 Qd8 26. Qf4 Qe7 27. Qg4 Kh7
28. Re3 Rf8 29. f4 Rf7 30. Rf3 Rcf8 31. Rbf1 a5 32. h5 gxh5 33. Qxh5 g6 34. Qg4
Nb8 35. Ne2 Nc6 36. Rg3 Rg8 37. Kf2 b4 38. axb4 axb4 39. Rh1 bxc3 40. bxc3 g5
41. Kg1 Qf8 42. Qxe6 Rg6 43. Qxd5 Rxf4 44. Nxf4 Qxf4 45. Qf3 1-0

[Event "VI Festival A"]
[Site "Campobasso ITA"]
[Date "1999.09.12"]
[Round "6"]
[White "Ferretti, Folco"]
[Black "Martorelli, Antonio"]
[Result "1-0"]
[WhiteElo "2279"]
[BlackElo "2322"]
[PlyCount "81"]
[EventDate "1999.09.10"]

1. e4 c5 2. c3 Nf6 3. e5 Nd5 4. Nf3 e6 5. d4 cxd4 6. cxd4 d6 7. a3 Nd7 8. Bd3
dxe5 9. dxe5 N7b6 10. O-O Bd7 11. Qe2 Be7 12. Qe4 Bc6 13. Nd4 Nb4 14. Bb5 Bxb5
15. Nxb5 N4d5 16. Qg4 Qd7 17. N1c3 a6 18. Qxg7 O-O-O 19. Nd4 Bc5 20. Qg4 Rhg8
21. Qh4 Nxc3 22. bxc3 Qd5 23. g3 Qxe5 24. Be3 Kb8 25. Nf3 Qf5 26. Bxc5 Qxc5 27.
Qb4 Qc7 28. c4 Nd7 29. Rfd1 Nc5 30. Qc3 Ne4 31. Qe3 Nc5 32. Ne5 f6 33. Nd3 Nxd3
34. Rxd3 Qc6 35. Rad1 Rxd3 36. Qxd3 f5 37. f4 Ka7 38. Qd2 Qe8 39. Rb1 Rg7 40.
Qb4 Ka8 41. Rd1 1-0

[Event "VI Festival A"]
[Site "Campobasso ITA"]
[Date "1999.09.12"]
[Round "6"]
[White "Ferri, Stefano"]
[Black "Orlando, Luigi"]
[Result "1-0"]
[WhiteElo "2091"]
[BlackElo "1722"]
[PlyCount "85"]
[EventDate "1999.09.10"]

1. e4 d6 2. d4 Nf6 3. f3 g6 4. Be3 Bg7 5. Qd2 e5 6. d5 O-O 7. c4 c6 8. Nc3 cxd5
9. cxd5 Nbd7 10. Rc1 a6 11. Bd3 b5 12. Nge2 Nc5 13. Bb1 h5 14. b4 Ncd7 15. a4
Nb6 16. axb5 Nc4 17. Qd3 Nxe3 18. Qxe3 Kh7 19. Qf2 axb5 20. Nxb5 Rb8 21. Na7
Bd7 22. O-O Rxb4 23. Nc6 Bxc6 24. dxc6 Qc7 25. Nc3 Rfb8 26. Bd3 Rb2 27. Ne2
R8b6 28. Ra1 Rxc6 29. Ra7 Rb7 30. Rfa1 Rc5 31. Ra8 Nd7 32. g4 Nf6 33. g5 Nd7
34. Qh4 Nf8 35. Qe1 Ne6 36. Qd2 Qe7 37. h4 f6 38. Ng3 fxg5 39. Nf5 gxf5 40.
exf5 e4 41. Bxe4 Nd4 42. hxg5 Nxf3+ 43. Bxf3 1-0

[Event "VI Festival A"]
[Site "Campobasso ITA"]
[Date "1999.09.12"]
[Round "6"]
[White "Galasso, Luigi"]
[Black "Petrozzi, Davide"]
[Result "1-0"]
[WhiteElo "1755"]
[BlackElo "1732"]
[PlyCount "99"]
[EventDate "1999.09.10"]

1. e4 c5 2. Nf3 d6 3. d4 cxd4 4. Nxd4 Nf6 5. Nc3 a6 6. Be2 e6 7. O-O Be7 8. Be3
b5 9. Bf3 e5 10. Nf5 O-O 11. Nxe7+ Qxe7 12. Bg5 Nbd7 13. Qd2 Bb7 14. Rad1 h6
15. Bxf6 Nxf6 16. Qxd6 Qxd6 17. Rxd6 b4 18. Nd5 Nxd5 19. exd5 Rfd8 20. Rxd8+
Rxd8 21. c4 bxc3 22. bxc3 f5 23. c4 Kf7 24. Rb1 Bc8 25. Be2 Ke7 26. Kf1 Kd6 27.
Ke1 Kc5 28. Rb8 Re8 29. Kd2 Kd4 30. Bh5 Rd8 31. Bf7 Kxc4 32. Be6 Bxe6 33. Rxd8
Bxd5 34. g3 Kc5 35. a3 f4 36. gxf4 exf4 37. Kc3 h5 38. Rf8 g6 39. Rxf4 Kb5 40.
a4+ Ka5 41. Kb2 Be6 42. Ka3 Bf5 43. Rd4 Be6 44. Re4 Bf5 45. Re5+ Kb6 46. a5+
Kc6 47. Kb4 Kd6 48. Rc5 Bd3 49. Rc8 Bf1 50. Rg8 1-0

[Event "VI Festival A"]
[Site "Campobasso ITA"]
[Date "1999.09.12"]
[Round "6"]
[White "Isonzo, David"]
[Black "Lagumina, Giulio"]
[Result "0-1"]
[WhiteElo "2257"]
[BlackElo "2281"]
[PlyCount "68"]
[EventDate "1999.09.10"]

1. e4 e5 2. Nf3 d6 3. d4 exd4 4. Nxd4 g6 5. Nc3 Bg7 6. Be3 Nf6 7. Qd2 O-O 8.
O-O-O Re8 9. f3 Nc6 10. h4 Ne5 11. Bh6 Bh8 12. Bg5 a6 13. h5 b5 14. Qe1 c5 15.
Nb3 h6 16. Bxh6 Nxh5 17. Be2 b4 18. Nd5 Be6 19. f4 Ng4 20. Bg5 f6 21. Nxc5 Bxd5
22. Bxg4 fxg5 23. Rxd5 Qf6 24. Nd3 Nxf4 25. Qd2 Rxe4 26. Bf3 Rc4 27. Re5 Rac8
28. Bd5+ Nxd5 29. Rxd5 Rxc2+ 30. Qxc2 Rxc2+ 31. Kxc2 Qe6 32. Nxb4 Qe2+ 33. Kb3
Qxb2+ 34. Ka4 Bc3 0-1

[Event "VI Festival A"]
[Site "Campobasso ITA"]
[Date "1999.09.12"]
[Round "6"]
[White "Ljubisavljevic, Zivojin Z."]
[Black "Ficco, Corrado"]
[Result "1-0"]
[WhiteElo "2274"]
[BlackElo "2169"]
[PlyCount "67"]
[EventDate "1999.09.10"]

1. b3 e5 2. Bb2 Nc6 3. e3 d5 4. Bb5 Bd6 5. f4 Qe7 6. Nf3 Bg4 7. h3 Bxf3 8. Qxf3
Nf6 9. O-O O-O 10. Bxc6 bxc6 11. fxe5 Bxe5 12. Bxe5 Qxe5 13. Nc3 Ne4 14. d4 Qe7
15. Nxe4 dxe4 16. Qf5 g6 17. Qf6 Qd6 18. Qxd6 cxd6 19. Rf6 Rad8 20. c4 Kg7 21.
Raf1 h6 22. b4 Rb8 23. c5 Rxb4 24. Rxd6 Rc8 25. Rff6 Rb1+ 26. Kf2 Rb2+ 27. Kg3
Rb1 28. Rf4 Rb2 29. Kg4 Rxa2 30. Rxe4 a5 31. Rf4 a4 32. Rff6 Re8 33. Rxc6 Rxe3
34. g3 1-0

[Event "VI Festival A"]
[Site "Campobasso ITA"]
[Date "1999.09.12"]
[Round "6"]
[White "Lupo, Alfredo"]
[Black "Leveque, Sergio"]
[Result "1/2-1/2"]
[WhiteElo "2135"]
[BlackElo "1747"]
[PlyCount "64"]
[EventDate "1999.09.10"]

1. e4 c5 2. Nc3 Nc6 3. g3 g6 4. Bg2 Bg7 5. d3 d6 6. Be3 e6 7. f4 Nge7 8. Nf3
Nd4 9. O-O Rb8 10. a4 O-O 11. Qd2 b6 12. Rae1 a6 13. Nd1 Nxf3+ 14. Bxf3 b5 15.
axb5 axb5 16. c3 b4 17. d4 Ba6 18. Rf2 Qb6 19. g4 f5 20. gxf5 gxf5 21. e5 dxe5
22. dxc5 Qa5 23. Qd6 Ng6 24. Qxe6+ Kh8 25. fxe5 Nxe5 26. Be2 Bxe2 27. Rexe2
Rbe8 28. Qb6 Qxb6 29. cxb6 Ng4 30. Rg2 Nxe3 31. Rxe3 Rxe3 32. Nxe3 bxc3 1/2-1/2

[Event "VI Festival A"]
[Site "Campobasso ITA"]
[Date "1999.09.12"]
[Round "6"]
[White "Marozzi, Giovanni"]
[Black "Goller, Savino"]
[Result "0-1"]
[WhiteElo "1708"]
[BlackElo "1804"]
[PlyCount "108"]
[EventDate "1999.09.10"]

1. e4 c5 2. Nf3 Nc6 3. d3 d6 4. c3 g6 5. g3 Bg7 6. Bg2 e6 7. O-O Nge7 8. Bg5 h6
9. Be3 O-O 10. Qd2 Kh7 11. d4 b6 12. d5 exd5 13. exd5 Na5 14. Na3 Ba6 15. Rfd1
Nf5 16. Rac1 Re8 17. c4 Qf6 18. b3 Qb2 19. Nb1 Nxe3 20. fxe3 Qxd2 21. Rxd2 Rxe3
22. Re1 Rae8 23. Rxe3 Rxe3 24. Kf2 Re8 25. Bf1 Bc8 26. Bd3 Nb7 27. Re2 Rxe2+
28. Kxe2 Nd8 29. Ke3 f5 30. a4 Nf7 31. Nbd2 Ne5 32. Bc2 Ng4+ 33. Ke2 Kg8 34.
Nh4 Kf7 35. Nhf3 g5 36. h4 Kg6 37. hxg5 hxg5 38. Nf1 Kh5 39. N3h2 Be5 40. Kf3
Nxh2+ 41. Nxh2 g4+ 42. Kf2 f4 43. gxf4 Bxf4 44. Kg2 Kh4 45. Nxg4 Bxg4 46. Kf2
Kg5 47. Ke1 Kf6 48. Bd1 Bxd1 49. Kxd1 Ke5 50. Kc2 Kd4 51. Kb2 Kd3 52. Ka2 Kc3
53. Ka3 Bc1+ 54. Ka2 a5 0-1

[Event "VI Festival A"]
[Site "Campobasso ITA"]
[Date "1999.09.12"]
[Round "6"]
[White "Mautone, Valerio"]
[Black "Franceschi, Riccardo"]
[Result "0-1"]
[WhiteElo "1900"]
[BlackElo "1884"]
[PlyCount "92"]
[EventDate "1999.09.10"]

1. e4 d5 2. exd5 Qxd5 3. Nc3 Qa5 4. d4 c6 5. Bc4 Nf6 6. Bd2 Qb6 7. Nf3 Bg4 8.
Bxf7+ Kxf7 9. Ne5+ Kg8 10. Nxg4 Qxd4 11. Ne3 g6 12. Qe2 Nbd7 13. Rd1 Re8 14.
O-O e6 15. Bc1 Qb4 16. a3 Qe7 17. b3 Bg7 18. Rfe1 b5 19. Qf3 Ne5 20. Qh3 h5 21.
Qg3 Neg4 22. h3 Nxe3 23. Bxe3 Kh7 24. Qd6 Qf7 25. Bd4 Rhf8 26. Bxf6 Bxf6 27.
Ne4 Rc8 28. Rd3 Be7 29. Qg3 Rcd8 30. Rf3 Qg7 31. Rxf8 Rxf8 32. Ng5+ Bxg5 33.
Qxg5 Qf7 34. Qe3 e5 35. f3 Re8 36. Qe4 Qd5 37. f4 Kg7 38. Qxd5 cxd5 39. fxe5
Kf7 40. Kf2 Ke6 41. Ke3 Rc8 42. Kd3 Rf8 43. Re2 Rf4 44. c3 g5 45. Kc2 g4 46.
Kd3 a5 0-1

[Event "VI Festival A"]
[Site "Campobasso ITA"]
[Date "1999.09.12"]
[Round "6"]
[White "Megli, Massimo"]
[Black "De Vita, Gianni"]
[Result "0-1"]
[WhiteElo "1740"]
[BlackElo "2106"]
[PlyCount "58"]
[EventDate "1999.09.10"]

1. e4 c5 2. Nf3 Nc6 3. Bc4 e6 4. O-O d6 5. Nc3 Nf6 6. d4 cxd4 7. Nxd4 Be7 8.
Bg5 O-O 9. Ndb5 a6 10. Bxf6 gxf6 11. Nd4 Kh8 12. Nxc6 bxc6 13. Qh5 a5 14. Rad1
a4 15. Rd3 Ra5 16. Qh6 Rg5 17. Nxa4 Rfg8 18. Rg3 R8g6 19. Qh4 f5 20. Qf4 Rg4
21. Rxg4 Rxg4 22. Qf3 Rxe4 23. b3 d5 24. Bd3 Rg4 25. Re1 Bd6 26. c4 Qa5 27. Qd1
Bd7 28. Qa1+ Kg8 29. Qc3 Bb4 0-1

[Event "VI Festival A"]
[Site "Campobasso ITA"]
[Date "1999.09.12"]
[Round "6"]
[White "Ortega, Lexy"]
[Black "Laketic, Gojko"]
[Result "1/2-1/2"]
[WhiteElo "2499"]
[BlackElo "2418"]
[PlyCount "39"]
[EventDate "1999.09.10"]

1. d4 Nf6 2. Nf3 g6 3. c4 Bg7 4. Nc3 O-O 5. e4 d6 6. Be2 e5 7. O-O Nbd7 8. Be3
c6 9. dxe5 dxe5 10. Nd2 Qe7 11. a3 Rd8 12. Qc2 Nf8 13. Rfd1 Ng4 14. Bxg4 Bxg4
15. f3 Be6 16. Ne2 f6 17. Nf1 Nd7 18. Rd2 Nb6 19. b3 Rxd2 20. Qxd2 1/2-1/2

[Event "VI Festival A"]
[Site "Campobasso ITA"]
[Date "1999.09.12"]
[Round "6"]
[White "Petruccioli, Antonio"]
[Black "Rotelli, Pietro"]
[Result "1-0"]
[WhiteElo "2160"]
[BlackElo "1731"]
[PlyCount "40"]
[EventDate "1999.09.10"]

1. e4 c6 2. d4 d5 3. e5 Bf5 4. g4 Bg6 5. h4 h6 6. h5 Bh7 7. e6 fxe6 8. Bd3 Nf6
9. Bxh7 Nxh7 10. Qd3 Qd6 11. Qg6+ Kd7 12. Nf3 e5 13. Nxe5+ Kc7 14. Nf7 Qxg6 15.
hxg6 Nf6 16. Nxh8 Nxg4 17. Bf4+ Kb6 18. Nc3 Nd7 19. Nf7 e5 20. Bxe5 Ndxe5 1-0

[Event "VI Festival A"]
[Site "Campobasso ITA"]
[Date "1999.09.12"]
[Round "6"]
[White "Scipioni, Gaetano"]
[Black "Rossetti, Giovanni"]
[Result "1/2-1/2"]
[WhiteElo "1764"]
[BlackElo "1917"]
[PlyCount "26"]
[EventDate "1999.09.10"]

1. d4 g6 2. Nf3 Bg7 3. Bg5 c5 4. c3 Qa5 5. e3 Nf6 6. Nbd2 cxd4 7. Nc4 Qd8 8.
cxd4 O-O 9. Bd3 d6 10. O-O Bg4 11. h3 Bxf3 12. Qxf3 Nc6 13. Rfd1 Rc8 1/2-1/2

[Event "VI Festival A"]
[Site "Campobasso ITA"]
[Date "1999.09.12"]
[Round "6"]
[White "Zimina, Olga"]
[Black "Vujovic, Milorad"]
[Result "1/2-1/2"]
[WhiteElo "2161"]
[BlackElo "2258"]
[PlyCount "141"]
[EventDate "1999.09.10"]

1. e4 c5 2. Nf3 e6 3. d3 b6 4. g3 Bb7 5. Bg2 d6 6. O-O Nf6 7. Nbd2 Be7 8. Qe2
Nc6 9. c3 O-O 10. Ne1 e5 11. Nc2 Re8 12. Nc4 Bf8 13. Bg5 h6 14. Bxf6 Qxf6 15.
N2e3 b5 16. Nd5 Qd8 17. Nce3 Ne7 18. Nxe7+ Bxe7 19. c4 a6 20. Bh3 Ra7 21. f3
Bc6 22. Qf2 Rb7 23. Nd5 Bxd5 24. cxd5 Bg5 25. Bg4 g6 26. h4 Bf6 27. h5 Rf8 28.
Rac1 Bg5 29. Rc2 f5 30. Bh3 fxe4 31. dxe4 gxh5 32. Qh2 h4 33. Rg2 hxg3 34. Qxg3
Rg7 35. Kh1 Rf4 36. Bg4 Qf6 37. Rfg1 Kh8 38. Rh2 a5 39. Qh3 c4 40. Bf5 Rh4 41.
Qf1 Rxh2+ 42. Kxh2 Bf4+ 43. Kh3 b4 44. Rg4 h5 45. Rg2 c3 46. bxc3 bxc3 47. Qc4
Rxg2 48. Kxg2 Qg7+ 49. Kf1 Qb7 50. Qxc3 Qb1+ 51. Ke2 Qxa2+ 52. Kf1 Qb1+ 53. Ke2
Qa2+ 54. Kf1 Qb1+ 55. Kg2 Qc1 56. Qxa5 Qc2+ 57. Kf1 Qd1+ 58. Qe1 Qxf3+ 59. Qf2
Qd1+ 60. Qe1 Qc2 61. Qe2 Qc1+ 62. Kg2 Kg7 63. Qxh5 Qd2+ 64. Kf1 Qd3+ 65. Qe2
Qb1+ 66. Qe1 Qb5+ 67. Qe2 Qe8 68. Qg2+ Kf6 69. Qh3 Qf7 70. Qh8+ Ke7 71. Qh7
1/2-1/2

[Event "C.to Europeo U14"]
[Site "Litohoro GRE"]
[Date "1999.09.03"]
[Round "1"]
[White "Tomba, Ivan"]
[Black "Timofeev, Artyom"]
[Result "0-1"]
[WhiteElo "2010"]
[BlackElo "2391"]
[PlyCount "54"]
[EventDate "1999.09.03"]

1. e4 c5 2. Nf3 d6 3. d4 cxd4 4. Nxd4 Nf6 5. Nc3 g6 6. Be3 Bg7 7. f3 O-O 8. Qd2
Nc6 9. O-O-O Bd7 10. h4 h5 11. Be2 Rc8 12. Kb1 Ne5 13. Nd5 Nc4 14. Bxc4 Rxc4
15. Ne2 Nxd5 16. exd5 Bf5 17. Nd4 Bxd4 18. Bxd4 Bxc2+ 19. Ka1 Bxd1 20. Rxd1 Qc7
21. Qh6 Rxd4 22. Rxd4 Qc5 23. Rd1 Qc2 24. Rg1 Qf2 25. Qc1 Kh7 26. Qd1 Rc8 27.
Kb1 Rc2 0-1

[Event "C.to Europeo U14 femminile"]
[Site "Litohoro GRE"]
[Date "1999.09.03"]
[Round "1"]
[White "Luzietti, Camilla"]
[Black "Chistiakova, Tamara"]
[Result "0-1"]
[WhiteElo "1458"]
[BlackElo "2064"]
[PlyCount "70"]
[EventDate "1999.09.03"]

1. e4 c5 2. Nf3 d6 3. d3 Nc6 4. Be3 g6 5. Nc3 Bg7 6. Be2 e6 7. O-O Nd4 8. Re1
Ne7 9. Rc1 O-O 10. Qd2 Re8 11. Nd1 b5 12. c3 Nxe2+ 13. Rxe2 Ba6 14. a3 Qa5 15.
Bh6 Bh8 16. Ng5 Nc6 17. Qf4 Qc7 18. Ne3 f6 19. Nf3 Qe7 20. Qg3 b4 21. c4 bxa3
22. bxa3 Rab8 23. Nc2 Rb3 24. Nd2 Rb2 25. Nf3 Reb8 26. Ree1 R8b3 27. Red1 Rc3
28. Rd2 Na5 29. Rdd1 Rbxc2 30. Rb1 Nb3 31. Nd2 Rc1 32. Nxb3 Rxd1+ 33. Rxd1 Rxb3
34. Qe3 Bxc4 35. Qc1 Bxd3 0-1

[Event "IV Festival A"]
[Site "Cesenatico ITA"]
[Date "1999.08.??"]
[Round "1"]
[White "Albert, Marion"]
[Black "Iotti, Pierluigi"]
[Result "0-1"]
[WhiteElo "2103"]
[BlackElo "2326"]
[PlyCount "90"]
[EventDate "1999.08.30"]

1. e4 e6 2. d4 d5 3. Nc3 Bb4 4. a3 Bxc3+ 5. bxc3 dxe4 6. f3 b6 7. Bb5+ c6 8.
Be2 Ba6 9. Bxa6 Nxa6 10. Qe2 exf3 11. Nxf3 Nb8 12. O-O Nf6 13. Bg5 Nbd7 14. Ne5
Qc7 15. Qf3 O-O 16. Nxd7 Nxd7 17. Rae1 f6 18. Bf4 e5 19. Bc1 Rae8 20. Qd3 Qd6
21. Rf3 exd4 22. Rxe8 Rxe8 23. Bf4 Ne5 24. Bxe5 fxe5 25. Qa6 Qe7 26. cxd4 exd4
27. Qc4+ Qe6 28. Qxd4 Qe1+ 29. Rf1 Qe3+ 30. Qxe3 Rxe3 31. a4 Rc3 32. Rf2 Rc4
33. a5 bxa5 34. Rd2 h6 35. Rd7 Rxc2 36. Rxa7 Rc5 37. Kf2 Kh7 38. h3 Kg6 39. Ke3
h5 40. Kd4 Rg5 41. Ra6 Rxg2 42. Rxc6+ Kg5 43. Rc5+ Kh4 44. Rxa5 g5 45. Ke4 Kxh3
0-1

[Event "IV Festival A"]
[Site "Cesenatico ITA"]
[Date "1999.08.??"]
[Round "1"]
[White "Bellincampi, Stefano"]
[Black "Marzano, Carlo"]
[Result "1/2-1/2"]
[WhiteElo "2043"]
[BlackElo "2233"]
[PlyCount "83"]
[EventDate "1999.08.30"]

1. e4 g6 2. d4 c6 3. Nc3 d5 4. h3 Bg7 5. Nf3 Nh6 6. Bf4 dxe4 7. Nxe4 O-O 8. Qd2
Nf5 9. c3 Nd6 10. Bd3 Nxe4 11. Bxe4 Nd7 12. O-O Nf6 13. Bc2 Be6 14. Rfe1 Re8
15. Bb3 Bd5 16. Ne5 a5 17. Bh6 Nd7 18. Bxg7 Kxg7 19. Ng4 h5 20. Qh6+ Kg8 21.
Ne5 Nxe5 22. Rxe5 Qd6 23. Rae1 Bxb3 24. axb3 Qf6 25. R1e3 a4 26. bxa4 Rxa4 27.
Rxh5 Ra1+ 28. Kh2 e6 29. Qh7+ Kf8 30. Qh8+ Qxh8 31. Rxh8+ Ke7 32. Rxe8+ Kxe8
33. Kg3 Ke7 34. Kg4 Kf6 35. h4 Ra4 36. b3 Ra2 37. Rf3+ Ke7 38. Kf4 Rb2 39. c4
Rd2 40. Ke3 Rb2 41. Kf4 Rd2 42. Ke3 1/2-1/2

[Event "IV Festival A"]
[Site "Cesenatico ITA"]
[Date "1999.08.??"]
[Round "1"]
[White "Braun, Christian"]
[Black "Nijboer, Friso"]
[Result "0-1"]
[WhiteElo "2167"]
[BlackElo "2559"]
[PlyCount "88"]
[EventDate "1999.08.30"]

1. d4 Nf6 2. c4 g6 3. Nc3 d5 4. cxd5 Nxd5 5. Na4 Nf6 6. Nf3 Bg7 7. g3 O-O 8.
Bg2 Nc6 9. O-O Rb8 10. Nc3 Bg4 11. d5 Nb4 12. e4 c6 13. a3 Na6 14. Be3 cxd5 15.
exd5 Ra8 16. h3 Bc8 17. Rc1 Nc7 18. Nh2 Nce8 19. Re1 Nd6 20. Qe2 Bd7 21. Nf3
Re8 22. Nd4 a6 23. Nb3 Rc8 24. Nc5 Bb5 25. Nxb5 axb5 26. Red1 Nd7 27. b3 h5 28.
Nxd7 Qxd7 29. Bc5 Nf5 30. Bb4 Nd4 31. Qd3 e5 32. dxe6 Qxe6 33. Rxc8 Qxc8 34.
Bd2 Ne6 35. Be3 Rd8 36. Qe2 Bd4 37. Bxd4 Nxd4 38. Qe4 Qd7 39. Re1 b6 40. Qe7
Qxe7 41. Rxe7 Nxb3 42. Rb7 Rd6 43. Be4 Nc5 44. Bc2 Rd2 0-1

[Event "IV Festival A"]
[Site "Cesenatico ITA"]
[Date "1999.08.??"]
[Round "1"]
[White "Cacco, Christian"]
[Black "Tommasini, Enzo"]
[Result "1-0"]
[WhiteElo "2292"]
[BlackElo "2095"]
[PlyCount "71"]
[EventDate "1999.08.30"]

1. d4 e6 2. Nf3 f5 3. g3 Nf6 4. Bg2 d5 5. c4 c6 6. Qc2 Bd6 7. O-O O-O 8. Nc3
Qe7 9. a3 a5 10. Bg5 Nbd7 11. cxd5 cxd5 12. Nb5 h6 13. Bd2 Ne4 14. Nxd6 Nxd2
15. Nxd2 Qxd6 16. Rfc1 Nf6 17. e3 Bd7 18. Qc7 Ne8 19. Qxb7 Rb8 20. Qa7 Rxb2 21.
Nf3 Nf6 22. Ne5 Qb8 23. Qxa5 Rc8 24. Bf1 Rcc2 25. Nd3 Rxc1 26. Rxc1 Rb1 27.
Rxb1 Qxb1 28. Nc5 Be8 29. Qb4 Qd1 30. Nxe6 Kf7 31. Nf4 Kg8 32. Kg2 Bf7 33. Qb8+
Kh7 34. Qe5 Ng4 35. Qxf5+ Kg8 36. Be2 1-0